Statistics for AFI's 10 Top 10: Gangster

Click here to take the quiz!

General Stats

  • This quiz has been taken 95 times
  • The average score is 6 of 10

Answer Stats

RankFilmYear% Correct
1The Godfather1972
98%
2Goodfellas1990
95%
3The Godfather Part II1974
87%
6Scarface1932
71%
10Scarface1983
71%
7Pulp Fiction1994
41%
8The Public Enemy1931
30%
4White Heat1949
29%
9Little Caesar1931
26%
5Bonnie and Clyde1957
8%

Score Distribution

Percentile by Number Answered

Percent of People with Each Score

Your Score History

You have not taken this quiz